00309nam a2200121Ia 4500008004100000041000800041082001400049100001600063245004500079260002700124300002900151365000700180240624s9999 xx 000 0 und d aeng a658.3 LEW aLEWIN ROGER aWEAVING COMPLEXITY AND BUSINESS ENGAGING c2001aNew YorkbTexere ax, : 340 : p. : cm. ; 22 cRS